Town and Country Planning in the UK (Record no. 115741)
[ view plain ]
| 000 -LEADER | |
|---|---|
| fixed length control field | 01060cam a22003135a 4500 |
| 001 - CONTROL NUMBER | |
| control field | L159203 |
| 008 - FIXED-LENGTH DATA ELEMENTS--GENERAL INFORMATION | |
| fixed length control field | 160317s2015 xxk f 000 0 eng d |
| 020 ## - INTERNATIONAL STANDARD BOOK NUMBER | |
| International Standard Book Number | 9780415492287 |
| 035 ## - SYSTEM CONTROL NUMBER | |
| System control number | (Sirsi) u159203 |
| 041 0# - LANGUAGE CODE | |
| Language code of text/sound track or separate title | eng |
| 050 04 - LIBRARY OF CONGRESS CALL NUMBER | |
| Classification number | 711.4 |
| 100 1# - MAIN ENTRY--PERSONAL NAME | |
| Personal name | Cullingworth, Barry |
| 245 00 - TITLE STATEMENT | |
| Title | Town and Country Planning in the UK |
| 250 ## - EDITION STATEMENT | |
| Edition statement | 15th ed |
| 260 ## - PUBLICATION, DISTRIBUTION, ETC. | |
| Place of publication, distribution, etc. | Routledge |
| Name of publisher, distributor, etc. | Abingdon |
| Date of publication, distribution, etc. | 2015 |
| 300 ## - PHYSICAL DESCRIPTION | |
| Extent | xxxv, 601p, 25cm |
| 520 ## - SUMMARY, ETC. | |
| Summary, etc. | Extensively revised 15th edition of this classic text gives information about town and country planning issues across the whole UK. With detailed information about the nature of planning and its historical evolution, the role of the EU mechanisms for developing policy and managing development. |
| 590 ## - LOCAL NOTE (RLIN) | |
| Local note | KA |
| 651 #4 - SUBJECT ADDED ENTRY--GEOGRAPHIC NAME | |
| Geographic name | ENGLAND AND WALES |
| 690 ## - LOCAL SUBJECT ADDED ENTRY--TOPICAL TERM (OCLC, RLIN) | |
| Topical term or geographic name as entry element | Planning and development |
| 9 (RLIN) | 6259 |
| 700 1# - ADDED ENTRY--PERSONAL NAME | |
| Personal name | Nadin, Vincent |
| 700 1# - ADDED ENTRY--PERSONAL NAME | |
| Personal name | Hart, Trevor |
| 700 1# - ADDED ENTRY--PERSONAL NAME | |
| Personal name | Davoudi, Simin |
| 700 1# - ADDED ENTRY--PERSONAL NAME | |
| Personal name | Pendlebury, J. |
| 700 1# - ADDED ENTRY--PERSONAL NAME | |
| Personal name | Vigar, Geoff |
| 700 1# - ADDED ENTRY--PERSONAL NAME | |
| Personal name | Webb, David |
| 700 1# - ADDED ENTRY--PERSONAL NAME | |
| Personal name | Townshend, Tim |
| 942 ## - ADDED ENTRY ELEMENTS (KOHA) | |
| Suppress in OPAC | 0 |
| Withdrawn status | Lost status | Source of classification or shelving scheme | Damaged status | Not for loan | Home library | Current library | Shelving location | Date acquired | Total Checkouts | Full call number | Barcode | Date last seen | Copy number | Price effective from | Koha item type |
|---|---|---|---|---|---|---|---|---|---|---|---|---|---|---|---|
| Dewey Decimal Classification | London | London | Books | 17/03/2016 | 711.4 | 30075269 | 06/08/2019 | 1 | 06/08/2019 | Book |